000
00368nam a2200133Ia 4500
008
151001s9999||||xx |||||||||||||| ||und||
100
_a
श्री म माटे
245
_a
आपापले हितगुज
250
_a
1
260
_b
कर्नाटक पब्लिशिंग हाउस
260
_c
1937
300
_a
194
365
_b
7.5
999
_c
948669
_d
948666